000 00445nam a2200145 i 4500
001 44726
003 ES-MaACL
005 20230906161102.0
007 t|
008 030324s1961 sp ||||1| cat d
245 0 0 _aCingles de Bertí, Gallifa Sant Miquel del Fai, Sots Feréstecs
_b: mapa topográfico.
260 _aGranollers :
_bEditorial Alpina,
_c[1961]
300 _a24 p., 1 map. pleg. ;
_c16 cm.
852 _aES-MaACL
_j2010-F-19
_bR.48802
999 _c44726
_d44726